Messi vs Ronaldo - Statistics

General Stats
  • This quiz has been taken 2,366 times
  • The average score is 5 of 8
Answer Stats
Question Answer % Correct
who has won the most world cups Brazil
93%
who has scored more goals Messi or Ronaldo Ronaldo
90%
who has won the most recent world cup France
88%
who has scored the most goals in champions league history Ronaldo
87%
who has won more player of the years Messi
80%
wich is the highest player in fifa 20 in this list Neymar
42%
how many international trophies has Messi won 0
35%
how many international trophies has Ronaldo won 1
28%
No matching quizzes found
Score Distribution
Percent of People with Each Score
Percentile by Number Answered
Your Score History
You have not taken this quiz